000 00635nam a2200229Ia 4500
005 20250508165524.0
008 008 250505s9999 xx 000 0 hin d
020 _a978-81-7450-912-3
037 _aReference
040 _aFEDL
_beng
_cFEDL
041 _ahin
_2hin
084 _a500, NCE/RR
_qFEDL
100 _aYash Pal
245 0 _aKhoje huye prashn
245 0 _cNCERT
260 _aNew Delhi, India
_bNational Council of Educational Research and Training
_c2008
300 _axxx, 121p.
365 _aINR
_b650
700 _a Rahul Pal
_9781088
942 _cREF
_h500, NCE/RR
999 _c1395633
_d1395633